[Event "Junior Online 4NCL Division 4"]
[Site "online"]
[Date "2020.09.03"]
[Round "2.18"]
[White "Aserkoff, Daniel"]
[Black "Malus, Sean"]
[Result "1-0"]
[WhiteElo "1547"]
[BlackElo "1330"]
[PlyCount "41"]
[EventDate "2020.09.03"]
[WhiteTeam "JHJ 1"]
[BlackTeam "Barnet Knights C"]

1. e4 e5 2. Nf3 Nc6 3. d4 d6 4. dxe5 Nh6 5. exd6 Bxd6 6. Nc3 Ng4 7. h3 Nxf2 8.
Kxf2 Bc5+ 9. Ke1 Qxd1+ 10. Kxd1 O-O 11. Bd3 b6 12. Bf4 Rd8 13. Ke1 Nb4 14. Rd1
Nxd3+ 15. Rxd3 Rxd3 16. cxd3 Ba6 17. Kd2 Rd8 18. Rd1 Rxd3+ 19. Kc2 Bb4 20. Rxd3
Bxd3+ 21. Kxd3 1-0

[Event "Junior Online 4NCL Division 4"]
[Site "online"]
[Date "2020.09.03"]
[Round "2.21"]
[White "Ward, Cian"]
[Black "Stoica, Savas Marin"]
[Result "0-1"]
[WhiteElo "1465"]
[BlackElo "1922"]
[PlyCount "74"]
[EventDate "2020.09.03"]
[WhiteTeam "JHJ 3"]
[BlackTeam "Barnet Knights A"]

1. e4 c5 2. c3 Nf6 3. e5 Nd5 4. d4 cxd4 5. cxd4 g6 6. Bc4 Nb6 7. Bb3 Bg7 8. Nf3
O-O 9. O-O Nc6 10. Nc3 d6 11. exd6 Qxd6 12. d5 Ne5 13. Nxe5 Bxe5 14. f4 Bg7 15.
Be3 Bf5 16. Bd4 Rac8 17. Bxg7 Kxg7 18. Qd4+ Qf6 19. Qxf6+ Kxf6 20. Kf2 Nc4 21.
Bxc4 Rxc4 22. Ke3 Rfc8 23. h3 h5 24. Rg1 h4 25. Rgf1 a6 26. Rad1 b5 27. d6 exd6
28. Rxd6+ Kg7 29. Rxa6 b4 30. Nd5 Re4+ 31. Kf2 Rc2+ 32. Kg1 Ree2 33. Rd1 Rxg2+
34. Kf1 Bxh3 35. Ne3 Rg3+ 36. Ng2 Bxg2+ 37. Ke1 Re3# 0-1

[Event "Junior Online 4NCL Division 4"]
[Site "online"]
[Date "2020.09.03"]
[Round "2.22"]
[White "Angelopoulos, Andreas"]
[Black "Groot Wassink, Emma"]
[Result "1/2-1/2"]
[WhiteElo "1637"]
[BlackElo "1442"]
[PlyCount "134"]
[EventDate "2020.09.03"]
[WhiteTeam "Barnet Knights A"]
[BlackTeam "JHJ 3"]

1. e4 c6 2. d4 d5 3. exd5 cxd5 4. c4 Nf6 5. Nf3 Bg4 6. Nc3 e6 7. Be2 Be7 8. O-O
O-O 9. Qb3 Qc7 10. h3 dxc4 11. Nb5 cxb3 12. Nxc7 Bxf3 13. Bxf3 Nc6 14. Nxa8
Rxa8 15. Bxc6 bxc6 16. axb3 c5 17. dxc5 Bxc5 18. Bf4 Nd5 19. Bh2 Rd8 20. Rad1
h6 21. Rc1 Bb6 22. Rfd1 Re8 23. Bg3 Kh7 24. Kh2 g5 25. f3 Kg6 26. Be5 f6 27.
Bc3 Be3 28. Ra1 Bb6 29. Ba5 Rb8 30. Bxb6 Rxb6 31. Rxa7 Rxb3 32. Rd2 Nf4 33. Ra3
Rb6 34. g3 Nh5 35. Kg2 e5 36. Rad3 Ng7 37. Rd6 Rb3 38. R6d3 Rb6 39. b3 Nf5 40.
Rb2 Nd4 41. b4 Nc6 42. Rdb3 Nd4 43. Ra3 Nc6 44. Ra4 Nd4 45. Kf2 Kf5 46. Ke3 Rb5
47. g4+ Kg6 48. Ra5 Rb6 49. b5 Kf7 50. Kf2 Ke6 51. Ra6 Rxa6 52. bxa6 Nc6 53.
Ra2 Na7 54. Kg3 Kd6 55. h4 Kc6 56. hxg5 hxg5 57. Kf2 Kb6 58. Ke3 Nc6 59. Kd2
Na5 60. Kc3 Nc6 61. Kc4 Ka7 62. Kb5 Nd4+ 63. Kc5 Nxf3 64. Kb5 Nd4+ 65. Kc5 Nf3
66. Kb5 Nd4+ 67. Kc5 Nf3 1/2-1/2

[Event "Junior Online 4NCL Division 4"]
[Site "online"]
[Date "2020.09.03"]
[Round "2.23"]
[White "Yu, Rock"]
[Black "Lustigman, Tao"]
[Result "0-1"]
[WhiteElo "1397"]
[BlackElo "1547"]
[PlyCount "66"]
[EventDate "2020.09.03"]
[WhiteTeam "JHJ 3"]
[BlackTeam "Barnet Knights A"]

1. c4 Nf6 2. Nc3 g6 3. g3 Bg7 4. Bg2 Nc6 5. d4 e6 6. e4 O-O 7. Bg5 Ne7 8. Qd2
c6 9. Nf3 d5 10. cxd5 cxd5 11. e5 Nd7 12. O-O Re8 13. Nb5 Nb6 14. b3 Qd7 15.
Nd6 Rf8 16. Bxe7 Qxe7 17. Rac1 Rd8 18. Rc2 Rxd6 19. exd6 Qxd6 20. Rfc1 Bd7 21.
Rc5 Bc6 22. Qe3 Nc8 23. Nh4 Ne7 24. f4 Bf6 25. Nf3 Nf5 26. Qd3 Bd8 27. Kf1 Bb6
28. R5c2 Qb4 29. Rd1 Bb5 30. Rc4 dxc4 31. Qd2 c3+ 32. Qe2 Bxe2+ 33. Kf2 Bxd1
0-1

[Event "Junior Online 4NCL Division 4"]
[Site "online"]
[Date "2020.09.03"]
[Round "2.24"]
[White "Ford, Conor"]
[Black "Mouskos, Mia"]
[Result "1-0"]
[WhiteElo "1427"]
[BlackElo "1397"]
[PlyCount "79"]
[EventDate "2020.09.03"]
[WhiteTeam "Barnet Knights A"]
[BlackTeam "JHJ 3"]

1. d4 d5 2. e3 Nf6 3. Bd3 c5 4. c3 e6 5. Nd2 Nc6 6. f4 c4 7. Bc2 Bd7 8. Ngf3
Bd6 9. O-O b5 10. a3 a5 11. Ne5 a4 12. Qe1 h6 13. e4 Ra6 14. exd5 Nxd5 15. Be4
Nf6 16. Ndf3 O-O 17. Bxc6 Bxc6 18. Bd2 Re8 19. Qg3 Ne4 20. Qe1 Nf6 21. Qe2 Bd5
22. Rae1 Qc7 23. Bc1 Ne4 24. Nd2 Nf6 25. Qf2 Re7 26. Qg3 Nh5 27. Qh4 Nf6 28.
Rf2 Rb6 29. Rfe2 Ra6 30. Ndf3 Bxf3 31. Nxf3 Re8 32. f5 Qd7 33. fxe6 Rxe6 34.
Rxe6 fxe6 35. Ne5 Qe8 36. Qg3 g5 37. h4 Nd7 38. hxg5 Kh7 39. gxh6 Kh8 40. Qg7#
1-0

[Event "Junior Online 4NCL Division 4"]
[Site "online"]
[Date "2020.09.03"]
[Round "2.25"]
[White "Stoica, Savas Marin"]
[Black "Ward, Cian"]
[Result "1-0"]
[WhiteElo "1922"]
[BlackElo "1465"]
[PlyCount "101"]
[EventDate "2020.09.03"]
[WhiteTeam "Barnet Knights A"]
[BlackTeam "JHJ 3"]

1. e4 e5 2. Nf3 Nc6 3. Bb5 a6 4. Ba4 Bc5 5. c3 b5 6. Bb3 Nf6 7. O-O d6 8. d4
Bb6 9. a4 Bg4 10. axb5 axb5 11. Rxa8 Qxa8 12. Qe2 Bxf3 13. gxf3 b4 14. d5 Ne7
15. cxb4 O-O 16. Bg5 Ng6 17. Nd2 Nh5 18. Nc4 Qa7 19. Ne3 Nhf4 20. Bxf4 Nxf4 21.
Qd2 Nh3+ 22. Kg2 Nf4+ 23. Kh1 Qa6 24. Rg1 Nh3 25. Rc1 Qa7 26. Rb1 Nxf2+ 27.
Qxf2 Bxe3 28. Qc2 Bb6 29. Qc4 Ra8 30. Qb5 Qa6 31. Bc4 Qxb5 32. Bxb5 Kf8 33. Kg2
Ke7 34. Kf1 Ra2 35. Bc4 Bd4 36. Bxa2 Kd8 37. Bc4 Kc8 38. b3 Bc3 39. b5 Kb7 40.
Rc1 Bb2 41. Rc2 Bd4 42. Rg2 g6 43. h4 h5 44. Ra2 Kb6 45. Ra8 Kb7 46. Rf8 Kb6
47. Rxf7 Be3 48. Rg7 g5 49. hxg5 h4 50. Kg2 h3+ 51. Kxh3 1-0

[Event "Junior Online 4NCL Division 4"]
[Site "online"]
[Date "2020.09.03"]
[Round "2.26"]
[White "Groot Wassink, Emma"]
[Black "Angelopoulos, Andreas"]
[Result "1-0"]
[WhiteElo "1442"]
[BlackElo "1637"]
[PlyCount "109"]
[EventDate "2020.09.03"]
[WhiteTeam "JHJ 3"]
[BlackTeam "Barnet Knights A"]

1. d4 Nf6 2. c4 g6 3. Nc3 Bg7 4. e4 d6 5. Nf3 O-O 6. Be2 c5 7. d5 e6 8. O-O
exd5 9. exd5 Nbd7 10. Bf4 Nb6 11. Rc1 Bf5 12. Bd3 Bxd3 13. Qxd3 Re8 14. Rfe1
Qd7 15. b3 Nh5 16. Bg3 a5 17. Nb5 Rxe1+ 18. Rxe1 Nxg3 19. hxg3 a4 20. Nd2 axb3
21. axb3 Nc8 22. Ne4 f5 23. Nd2 Na7 24. Nxa7 Rxa7 25. Qe3 Ra8 26. Nf3 b5 27.
Ng5 Ra3 28. Qe8+ Qxe8 29. Rxe8+ Bf8 30. Ne6 h6 31. Rxf8+ Kh7 32. Rf7+ Kg8 33.
Rg7+ Kh8 34. Rxg6 Rxb3 35. Rxh6+ Kg8 36. cxb5 Rxb5 37. Rg6+ Kf7 38. Rg7+ Kf6
39. Rd7 Ke5 40. f4+ Ke4 41. Rxd6 c4 42. Ng5+ Kd3 43. Rc6 Rxd5 44. Nf3 c3 45.
Ne1+ Kd2 46. Kf1 Rd8 47. Rc5 Re8 48. Rd5+ Kc1 49. Rxf5 c2 50. Rc5 Kd1 51. Nxc2
Rh8 52. Kf2 Rh2 53. Ne3+ Kd2 54. Rd5+ Kc3 55. f5 1-0

[Event "Junior Online 4NCL Division 4"]
[Site "online"]
[Date "2020.09.03"]
[Round "2.27"]
[White "Lustigman, Tao"]
[Black "Yu, Rock"]
[Result "1/2-1/2"]
[WhiteElo "1547"]
[BlackElo "1397"]
[PlyCount "59"]
[EventDate "2020.09.03"]
[WhiteTeam "Barnet Knights A"]
[BlackTeam "JHJ 3"]

1. d4 Nf6 2. Nf3 g6 3. c4 d6 4. Nc3 Nbd7 5. e4 e5 6. Bd3 Bg7 7. O-O O-O 8. Bg5
a5 9. a3 h6 10. Bh4 g5 11. Bg3 exd4 12. Nxd4 Nh5 13. Nf5 Nxg3 14. hxg3 Ne5 15.
Nxg7 Kxg7 16. Be2 Be6 17. f4 gxf4 18. gxf4 Nc6 19. f5 Bd7 20. Bh5 Ne5 21. f6+
Kh7 22. g4 Nxc4 23. g5 Ne3 24. Qf3 Nxf1 25. Rxf1 hxg5 26. Qh1 Kg8 27. Qg2 Kh7
28. Qh1 Kg8 29. Qg2 Kh7 30. Qh1 1/2-1/2

[Event "Junior Online 4NCL Division 4"]
[Site "online"]
[Date "2020.09.03"]
[Round "2.28"]
[White "Mouskos, Mia"]
[Black "Ford, Conor"]
[Result "1-0"]
[WhiteElo "1397"]
[BlackElo "1427"]
[PlyCount "93"]
[EventDate "2020.09.03"]
[WhiteTeam "JHJ 3"]
[BlackTeam "Barnet Knights A"]

1. e4 e5 2. Nf3 Nc6 3. d4 exd4 4. Nxd4 Nxd4 5. Qxd4 d6 6. Nc3 Nf6 7. Bc4 Be7 8.
O-O O-O 9. Be3 a6 10. a4 c5 11. Qd2 Bd7 12. Rfe1 Bc6 13. Bf4 Qc7 14. Qd3 Rad8
15. Qg3 Kh8 16. Rad1 Rd7 17. Qe3 Rdd8 18. h3 h6 19. Re2 Kg8 20. b3 Rd7 21. Nd5
Nxd5 22. exd5 Rfd8 23. dxc6 bxc6 24. Qg3 Kh8 25. Bxf7 Bf8 26. Bc4 Qc8 27. Be6
Qc7 28. Bxd7 Qxd7 29. Qc3 d5 30. Qf3 Bd6 31. Bxd6 Qxd6 32. Rde1 d4 33. Re8+
Rxe8 34. Rxe8+ Kh7 35. Qf5+ Qg6 36. Rh8+ Kxh8 37. Qxg6 c4 38. bxc4 c5 39. Qxa6
d3 40. cxd3 g5 41. Qxh6+ Kg8 42. Qxg5+ Kh8 43. a5 Kh7 44. a6 Kh8 45. Qe7 Kg8
46. a7 Kh8 47. a8=Q# 1-0

[Event "Junior Online 4NCL Division 4"]
[Site "online"]
[Date "2020.09.03"]
[Round "2.31"]
[White "Timbrell, Matthew"]
[Black "Xu, Tianyou"]
[Result "1-0"]
[WhiteElo "1682"]
[BlackElo "1390"]
[PlyCount "71"]
[EventDate "2020.09.03"]
[WhiteTeam "Somerset Lions"]
[BlackTeam "JHJ 4"]

1. c4 e5 2. Nc3 Nf6 3. g3 Nc6 4. Bg2 Bb4 5. e3 d6 6. Nge2 Bg4 7. Qc2 Bxc3 8.
Nxc3 O-O 9. a3 Qe7 10. O-O Rad8 11. Ne4 Bf5 12. Nxf6+ Qxf6 13. Be4 Bxe4 14.
Qxe4 Qh6 15. d4 f5 16. Qd5+ Kh8 17. dxe5 dxe5 18. Qg2 Rf6 19. b4 a6 20. Bb2
Rdf8 21. Rad1 Rg6 22. Rd7 Rc8 23. b5 axb5 24. cxb5 Na7 25. Qxb7 f4 26. Bxe5
fxe3 27. Qxa7 exf2+ 28. Qxf2 Rg8 29. Rxc7 Qh5 30. Bxg7+ R6xg7 31. Rxg7 Rxg7 32.
Qf8+ Rg8 33. Qf6+ Rg7 34. Qd8+ Rg8 35. Qd4+ Rg7 36. Rf8# 1-0

[Event "Junior Online 4NCL Division 4"]
[Site "online"]
[Date "2020.09.03"]
[Round "2.32"]
[White "Hatem, Mika"]
[Black "Keech, Gabriel"]
[Result "0-1"]
[WhiteElo "1405"]
[BlackElo "1682"]
[PlyCount "82"]
[EventDate "2020.09.03"]
[WhiteTeam "JHJ 4"]
[BlackTeam "Somerset Lions"]

1. e4 e6 2. d4 d5 3. exd5 exd5 4. Bd3 Nc6 5. Nf3 Nf6 6. O-O Be7 7. Re1 O-O 8.
c3 Bg4 9. Be3 h6 10. Nbd2 Re8 11. Qc2 Bd6 12. h3 Bd7 13. Rad1 Re7 14. Re2 Qe8
15. Rde1 Ne4 16. Nxe4 dxe4 17. Bxe4 Rxe4 18. Bxh6 Rxe2 19. Rxe2 Be6 20. Bxg7
Kxg7 21. Ng5 Qg8 22. Re4 Bf5 23. Qe2 Bxe4 24. Qg4 Bg6 25. h4 Be7 26. Nf3 Kh7
27. h5 Bd3 28. Qf4 Rf8 29. d5 Nd8 30. Nd4 Qg5 31. Qxc7 Bf6 32. Nf3 Qxh5 33. Qf4
Qh6 34. Qg3 Rg8 35. Qc7 Qg6 36. Qh2+ Qh6 37. Qc7 Be4 38. Nh2 Rxg2+ 39. Kf1 Qc1+
40. Ke2 Qc2+ 41. Kf1 Qxf2# 0-1

[Event "Junior Online 4NCL Division 4"]
[Site "online"]
[Date "2020.09.03"]
[Round "2.33"]
[White "Wang, Andy"]
[Black "Stehlin, Nathan"]
[Result "1-0"]
[WhiteElo "1525"]
[BlackElo "1360"]
[PlyCount "139"]
[EventDate "2020.09.03"]
[WhiteTeam "Somerset Lions"]
[BlackTeam "JHJ 4"]

1. d4 e6 2. Bf4 c5 3. dxc5 Bxc5 4. Nf3 Nf6 5. e3 O-O 6. Nbd2 d5 7. Bd3 Nc6 8.
a3 Re8 9. Bg3 Nh5 10. c3 Nxg3 11. hxg3 g6 12. Nb3 Bf8 13. Qc2 e5 14. Be2 e4 15.
Nfd2 Bg7 16. Rd1 Bf5 17. Bb5 a6 18. Be2 Qc7 19. c4 dxc4 20. Bxc4 b5 21. Be2
Rad8 22. O-O Qe5 23. Qxc6 Ra8 24. Rb1 Rec8 25. Qb6 Bd7 26. Nd4 Rcb8 27. Qa5 Rc8
28. Qb4 Bf8 29. Qa5 f5 30. Rfc1 Qf6 31. Bf1 g5 32. Be2 f4 33. gxf4 gxf4 34.
Rxc8 Rxc8 35. Nxe4 Qg6 36. Bf3 fxe3 37. fxe3 Bf5 38. Nxf5 Qxf5 39. Qxa6 Bc5 40.
Nxc5 Qxb1+ 41. Kh2 Rxc5 42. Qe6+ Kh8 43. Qf6+ Kg8 44. Qd8+ Kf7 45. Qd7+ Kg6 46.
Qd6+ Kg7 47. Qxc5 Qxb2 48. Qb4 Qe5+ 49. Qf4 Qb2 50. Qd4+ Qxd4 51. exd4 Kf6 52.
Kg3 h6 53. Kf4 Ke6 54. d5+ Kf6 55. g4 Ke7 56. Kf5 Kf7 57. Be4 Ke7 58. Kg6 Kf8
59. Kxh6 Kg8 60. g5 Kf8 61. g6 Kg8 62. g7 b4 63. axb4 Kf7 64. Kh7 Ke7 65. g8=Q
Kd6 66. Qe6+ Kc7 67. Qc6+ Kb8 68. Qd7 Ka8 69. d6+ Kb8 70. Qb7# 1-0

[Event "Junior Online 4NCL Division 4"]
[Site "online"]
[Date "2020.09.03"]
[Round "2.34"]
[White "Sisupalan, Beni"]
[Black "Ranpura, Kirin"]
[Result "1-0"]
[WhiteElo "1345"]
[BlackElo "1382"]
[PlyCount "61"]
[EventDate "2020.09.03"]
[WhiteTeam "JHJ 4"]
[BlackTeam "Somerset Lions"]

1. e4 e6 2. d4 d5 3. e5 c5 4. c3 Nc6 5. Nf3 Nge7 6. dxc5 Ng6 7. b4 a5 8. Qa4
Bd7 9. b5 Ncxe5 10. Nxe5 Nxe5 11. Bf4 Ng6 12. Bg3 Bxc5 13. Bd3 Be7 14. O-O Qb6
15. Na3 O-O 16. Rab1 Rac8 17. c4 dxc4 18. Nxc4 Qa7 19. Rfc1 b6 20. Ne3 Bf6 21.
Bd6 Rfd8 22. Be4 Rxc1+ 23. Rxc1 h6 24. Rc7 Qb8 25. Rxd7 Qc8 26. Rc7 Qb8 27. Qa3
Be5 28. Bxe5 Nxe5 29. Qc3 Ng6 30. Bxg6 fxg6 31. Qxg7# 1-0

[Event "Junior Online 4NCL Division 4"]
[Site "online"]
[Date "2020.09.03"]
[Round "2.35"]
[White "Xu, Tianyou"]
[Black "Timbrell, Matthew"]
[Result "0-1"]
[WhiteElo "1390"]
[BlackElo "1682"]
[PlyCount "84"]
[EventDate "2020.09.03"]
[WhiteTeam "JHJ 4"]
[BlackTeam "Somerset Lions"]

1. e4 c6 2. d4 d5 3. exd5 cxd5 4. Nc3 Nf6 5. Nf3 Bf5 6. Bb5+ Nc6 7. Ne5 Qc7 8.
O-O e6 9. Bf4 Bd6 10. Qf3 O-O 11. Rfe1 Nxd4 12. Qg3 Nxc2 13. Bh6 g6 14. Bxf8
Rxf8 15. Rac1 Nxe1 16. Rxe1 Bxe5 17. Qxe5 Qxe5 18. Rxe5 Ne4 19. Nxe4 Bxe4 20.
f3 Bb1 21. a3 Rc8 22. Re1 a6 23. Bd7 Rc7 24. Ba4 Bd3 25. Rd1 Bb5 26. Bxb5 axb5
27. Rd2 Kf8 28. Kf2 Ke7 29. Ke3 Kd6 30. Kd4 e5+ 31. Ke3 d4+ 32. Ke4 f5+ 33. Kd3
Kd5 34. Ke2 e4 35. fxe4+ fxe4 36. Kd1 d3 37. h3 Kd4 38. Rf2 Rc2 39. Rxc2 dxc2+
40. Kxc2 Ke3 41. Kd1 Kf2 42. g4 e3 0-1

[Event "Junior Online 4NCL Division 4"]
[Site "online"]
[Date "2020.09.03"]
[Round "2.36"]
[White "Keech, Gabriel"]
[Black "Hatem, Mika"]
[Result "1-0"]
[WhiteElo "1682"]
[BlackElo "1405"]
[PlyCount "47"]
[EventDate "2020.09.03"]
[WhiteTeam "Somerset Lions"]
[BlackTeam "JHJ 4"]

1. c4 c5 2. Nc3 Nc6 3. Nf3 g6 4. g3 Bg7 5. Bg2 Nf6 6. O-O d6 7. d3 O-O 8. Bd2
Bd7 9. Qb3 Na5 10. Qc2 Qc7 11. Rac1 Rac8 12. Rfe1 Rfe8 13. e4 Nc6 14. e5 dxe5
15. Be3 Red8 16. Bxc5 Bf5 17. Rcd1 Nb4 18. Bxb4 a5 19. Ba3 Rd7 20. Qe2 Rcd8 21.
Bf1 Bg4 22. Bg2 Bf5 23. Nxe5 Rd4 24. Nb5 1-0

[Event "Junior Online 4NCL Division 4"]
[Site "online"]
[Date "2020.09.03"]
[Round "2.37"]
[White "Stehlin, Nathan"]
[Black "Wang, Andy"]
[Result "0-1"]
[WhiteElo "1360"]
[BlackElo "1525"]
[PlyCount "130"]
[EventDate "2020.09.03"]
[WhiteTeam "JHJ 4"]
[BlackTeam "Somerset Lions"]

1. c4 e5 2. e3 Nf6 3. d4 exd4 4. exd4 d5 5. Nf3 Nc6 6. Nc3 Bg4 7. Bg5 dxc4 8.
Bxf6 Qxf6 9. Bxc4 Bxf3 10. gxf3 Nxd4 11. Nd5 Qxf3 12. Qxf3 Nxf3+ 13. Ke2 Nd4+
14. Kd3 Ne6 15. Rhe1 O-O-O 16. Kc3 Bc5 17. f3 c6 18. Ne3 Bd4+ 19. Kc2 Rhe8 20.
Rad1 Bxe3 21. Rxd8+ Kxd8 22. Rxe3 Nd4+ 23. Kd3 Rxe3+ 24. Kxe3 Nf5+ 25. Ke4 Nd6+
26. Kd4 Nxc4 27. Kxc4 Kd7 28. Kd4 Kd6 29. b4 b6 30. a3 f6 31. h4 g6 32. f4 h6
33. Ke4 f5+ 34. Kd4 b5 35. Kd3 Kd5 36. Kc3 Ke4 37. Kb3 Kxf4 38. Kc3 Ke3 39. Kc2
f4 40. Kd1 Kf2 41. Kd2 Kg2 42. Ke2 f3+ 43. Ke1 f2+ 44. Ke2 f1=Q+ 45. Ke3 Qf3+
46. Kd4 Qxa3 47. Kc5 Qc3+ 48. Kd6 Qxb4+ 49. Kc7 Qc5 50. Kb7 Qb6+ 51. Kc8 a6 52.
Kd7 c5 53. Ke7 Qc6 54. Kf7 Qd6 55. Kg7 Qe6 56. Kh7 h5 57. Kh6 Kg3 58. Kg5 Kf3
59. Kh6 Kf4 60. Kh7 g5 61. hxg5 Kxg5 62. Kg7 Qf6+ 63. Kg8 Qe7 64. Kh8 Kg6 65.
Kg8 Qg7# 0-1

[Event "Junior Online 4NCL Division 4"]
[Site "online"]
[Date "2020.09.03"]
[Round "2.38"]
[White "Ranpura, Kirin"]
[Black "Sisupalan, Beni"]
[Result "0-1"]
[WhiteElo "1382"]
[BlackElo "1345"]
[PlyCount "164"]
[EventDate "2020.09.03"]
[WhiteTeam "Somerset Lions"]
[BlackTeam "JHJ 4"]

1. d4 e5 2. dxe5 Nc6 3. Nf3 Qe7 4. Bf4 Qb4+ 5. c3 Qxf4 6. e3 Qf5 7. Be2 Nxe5 8.
Nbd2 Nf6 9. O-O Nxf3+ 10. Nxf3 d5 11. Qb3 Bd6 12. Rfd1 O-O 13. h3 Re8 14. Rac1
b6 15. Bd3 Qe6 16. Qc2 Ne4 17. Nd2 Bb7 18. Nf3 Rad8 19. Nd4 Qe5 20. c4 Qh2+ 21.
Kf1 Qh1+ 22. Ke2 Qxg2 23. Bxe4 dxe4 24. Rh1 Qg6 25. Rcg1 Qh5+ 26. Kf1 c5 27.
Ne2 Be5 28. Nf4 Bxf4 29. exf4 Rd1+ 30. Kg2 Qf3+ 31. Kh2 Rd3 32. Rg3 Qxf4 33.
Rhg1 Rf3 34. R1g2 g6 35. Kg1 Rxg3 36. Rxg3 e3 37. Rxe3 Rxe3 38. fxe3 Qxe3+ 39.
Kh2 Qe4 40. Qd2 Qh1+ 41. Kg3 Qg2+ 42. Qxg2 Bxg2 43. Kxg2 Kg7 44. Kg3 Kf6 45. h4
g5 46. hxg5+ Kxg5 47. b3 f5 48. Kf3 h5 49. a3 h4 50. Kg2 Kg4 51. b4 f4 52. bxc5
bxc5 53. a4 f3+ 54. Kf2 h3 55. Kg1 Kf4 56. a5 Ke4 57. a6 Kd4 58. Kf2 Kxc4 59.
Kxf3 Kb5 60. Kg3 Kxa6 61. Kxh3 Kb5 62. Kg4 Kb4 63. Kf3 Kb3 64. Ke3 a5 65. Kd3
a4 66. Ke4 a3 67. Kd5 a2 68. Kxc5 a1=Q 69. Kd5 Qc3 70. Ke4 Qd2 71. Kf3 Qe1 72.
Kf4 Qe2 73. Kf5 Qe3 74. Kf6 Qe4 75. Kg7 Qf5 76. Kh8 Kc4 77. Kg8 Qf6 78. Kh7 Qg5
79. Kh8 Kd5 80. Kh7 Ke6 81. Kh8 Kf7 82. Kh7 Qh5# 0-1

[Event "Junior Online 4NCL Division 4"]
[Site "online"]
[Date "2020.09.03"]
[Round "2.41"]
[White "Stanley, Isaac"]
[Black "Kumar, Soham"]
[Result "0-1"]
[WhiteElo "1210"]
[BlackElo "1802"]
[PlyCount "48"]
[EventDate "2020.09.03"]
[WhiteTeam "Rovers Athletic"]
[BlackTeam "Maidenhead Juniors 1"]

1. d4 Nf6 2. c4 c5 3. d5 b5 4. cxb5 a6 5. bxa6 Bxa6 6. Nc3 d6 7. Nf3 Nbd7 8.
Bf4 g6 9. e3 Bxf1 10. Rxf1 Bg7 11. Qb3 O-O 12. O-O-O Qa5 13. Kb1 Rfb8 14. Qc2
Nh5 15. Bg5 Bxc3 16. b3 Bg7 17. Bxe7 c4 18. Nd2 cxb3 19. Nxb3 Nc5 20. Bxd6
Rxb3+ 21. Kc1 Rc3 22. Qxc3 Qxc3+ 23. Kb1 Rxa2 24. Kxa2 Qb3# 0-1

[Event "Junior Online 4NCL Division 4"]
[Site "online"]
[Date "2020.09.03"]
[Round "2.42"]
[White "Muppidi, Anirudh"]
[Black "Sohi, Aarav"]
[Result "1-0"]
[WhiteElo "1637"]
[BlackElo "1150"]
[PlyCount "75"]
[EventDate "2020.09.03"]
[WhiteTeam "Maidenhead Juniors 1"]
[BlackTeam "Rovers Athletic"]

1. e4 c6 2. d4 d5 3. exd5 cxd5 4. Bd3 Nf6 5. Nf3 Bg4 6. c3 e6 7. Bf4 Nc6 8.
Nbd2 Bd6 9. Bxd6 Qxd6 10. Qc2 O-O 11. O-O Bxf3 12. Nxf3 Rac8 13. a3 Qf4 14.
Rae1 Nxd4 15. Nxd4 Qxd4 16. cxd4 Rxc2 17. Bxc2 Rc8 18. Rc1 g6 19. Ba4 Rxc1 20.
Rxc1 Ne4 21. Rc7 a5 22. Rxb7 Nd6 23. Ra7 Nc4 24. b3 Nxa3 25. Rxa5 Nc2 26. Ra8+
Kg7 27. Rb8 Nxd4 28. b4 Ne2+ 29. Kf1 Nd4 30. b5 h5 31. b6 Kf6 32. b7 Ke7 33.
Re8+ Kd6 34. b8=Q+ Kc5 35. Qc7+ Kb4 36. Rb8+ Nb5 37. Rxb5+ Kxa4 38. Qa5# 1-0

[Event "Junior Online 4NCL Division 4"]
[Site "online"]
[Date "2020.09.03"]
[Round "2.43"]
[White "Evans, Dylan"]
[Black "Nallaperumal, Kasi Veshagan"]
[Result "0-1"]
[WhiteElo "1090"]
[BlackElo "1397"]
[PlyCount "72"]
[EventDate "2020.09.03"]
[WhiteTeam "Rovers Athletic"]
[BlackTeam "Maidenhead Juniors 1"]

1. d4 Nf6 2. c4 e6 3. Nc3 d5 4. Nf3 dxc4 5. e3 c6 6. a4 Bb4 7. Bxc4 Ne4 8. Bd2
Nxc3 9. bxc3 Be7 10. O-O O-O 11. Qb3 Nd7 12. e4 Nf6 13. e5 Ne4 14. Rae1 Nxd2
15. Nxd2 a6 16. Rb1 b5 17. axb5 cxb5 18. Bd3 Bb7 19. c4 Qxd4 20. cxb5 axb5 21.
Qxb5 Ba6 22. Qb3 Qxd3 23. Qxd3 Bxd3 24. Rfd1 Bxb1 25. Rxb1 Rab8 26. Ra1 Rb2 27.
Nc4 Rc2 28. Ne3 Rc5 29. h3 Rxe5 30. Ra7 Bc5 31. Ra5 Bd4 32. Nc4 Rxa5 33. Nxa5
Be5 34. Nc6 Bd6 35. Nd4 Rb8 36. Nc6 Rb1# 0-1

[Event "Junior Online 4NCL Division 4"]
[Site "online"]
[Date "2020.09.03"]
[Round "2.44"]
[White "Maheshwaran, Arya"]
[Black "Sohi, Sehej"]
[Result "1-0"]
[WhiteElo "1300"]
[BlackElo "1000"]
[PlyCount "87"]
[EventDate "2020.09.03"]
[WhiteTeam "Maidenhead Juniors 1"]
[BlackTeam "Rovers Athletic"]

1. e4 e6 2. d4 d5 3. e5 Bb4+ 4. c3 Ba5 5. b4 Bb6 6. Be3 Nc6 7. Nf3 Nge7 8. Bd3
O-O 9. Qc2 g6 10. O-O Bd7 11. Bh6 Re8 12. Qe2 Nf5 13. Bxf5 exf5 14. Bg5 Qc8 15.
Nbd2 f4 16. Bxf4 Qd8 17. Rfe1 Qe7 18. Bg5 Qf8 19. Qe3 Bg4 20. h3 Bxf3 21. Qxf3
h6 22. Be3 Qe7 23. Qf4 g5 24. Qf6 Qf8 25. f4 Nb8 26. fxg5 Nd7 27. Qf4 hxg5 28.
Qxg5+ Kh7 29. Qf5+ Kg8 30. Qxd7 Rad8 31. Qg4+ Kh7 32. Qh5+ Kg7 33. Bh6+ Kg8 34.
Bxf8 Rxf8 35. Rf1 Rfe8 36. Qxf7+ Kh8 37. Rf6 Rf8 38. Qh5+ Kg7 39. Qg6+ Kh8 40.
Rxf8+ Rxf8 41. Rf1 Rg8 42. Qf6+ Rg7 43. Qh6+ Rh7 44. Rf8# 1-0

[Event "Junior Online 4NCL Division 4"]
[Site "online"]
[Date "2020.09.03"]
[Round "2.45"]
[White "Kumar, Soham"]
[Black "Stanley, Isaac"]
[Result "1-0"]
[WhiteElo "1802"]
[BlackElo "1210"]
[PlyCount "103"]
[EventDate "2020.09.03"]
[WhiteTeam "Maidenhead Juniors 1"]
[BlackTeam "Rovers Athletic"]

1. e4 e6 2. d4 d5 3. e5 c5 4. c3 Nc6 5. Nf3 Qb6 6. Bd3 Bd7 7. O-O c4 8. Bc2 f6
9. Re1 O-O-O 10. b3 fxe5 11. Nxe5 Be8 12. bxc4 dxc4 13. Nxc4 Qa6 14. Bd3 b5 15.
Nca3 Bxa3 16. Nxa3 e5 17. Bxb5 Qa5 18. Rb1 Qxc3 19. Bb2 Qa5 20. Bxc6 Bxc6 21.
Nc4 Qxa2 22. Nxe5 Ba4 23. Qg4+ Bd7 24. Nxd7 Rxd7 25. Re8+ Kc7 26. Rc1+ Kd6 27.
Qe6+ Qxe6 28. Rxe6+ Kxe6 29. d5+ Rxd5 30. Bxg7 a5 31. Bxh8 a4 32. Ba1 Nf6 33.
Kf1 Ne4 34. Ke2 Rd2+ 35. Ke3 Kd5 36. f3 Rxg2 37. fxe4+ Ke6 38. Rc6+ Kf7 39. Be5
a3 40. Ra6 Ra2 41. Bd6 Rxh2 42. Bxh2 a2 43. Rxa2 h5 44. Ra7+ Kg6 45. Kf4 h4 46.
Ra6+ Kh5 47. Ra5+ Kh6 48. Rg5 Kh7 49. Kf5 Kh6 50. Be5 h3 51. Rg8 Kh7 52. Rh8#
1-0

[Event "Junior Online 4NCL Division 4"]
[Site "online"]
[Date "2020.09.03"]
[Round "2.46"]
[White "Sohi, Aarav"]
[Black "Muppidi, Anirudh"]
[Result "1/2-1/2"]
[WhiteElo "1150"]
[BlackElo "1637"]
[PlyCount "139"]
[EventDate "2020.09.03"]
[WhiteTeam "Rovers Athletic"]
[BlackTeam "Maidenhead Juniors 1"]

1. d4 d5 2. c4 c6 3. Nc3 Nf6 4. Bg5 e6 5. e3 Nbd7 6. Nf3 Bd6 7. Bd3 O-O 8. e4
dxe4 9. Nxe4 Be7 10. O-O Nxe4 11. Bxe7 Qxe7 12. Bxe4 Nf6 13. Bc2 Rd8 14. Qd3 c5
15. Rfe1 cxd4 16. Nxd4 g6 17. Qe3 Kg7 18. Rad1 a6 19. Qg3 Nh5 20. Qg4 e5 21.
Nf5+ Bxf5 22. Bxf5 Qf6 23. Rxd8 Rxd8 24. Be4 Qf4 25. Qxf4 Nxf4 26. Bxb7 Rd2 27.
Bxa6 Rxb2 28. g3 Nd3 29. Ra1 Nxf2 30. c5 Ne4 31. c6 Rc2 32. Bd3 Rxc6 33. Bxe4
Rc4 34. Bd5 Rd4 35. Bb3 e4 36. a4 Rd7 37. a5 Ra7 38. a6 Kf8 39. Kf2 Ke7 40. Ke3
f5 41. h4 Kd6 42. Kf4 Kc5 43. Bd1 Kb6 44. Be2 h6 45. g4 Rf7 46. Bc4 Rf8 47. a7
Ra8 48. Ra6+ Kb7 49. gxf5 gxf5 50. Kxf5 e3 51. Kf4 e2 52. Bxe2 Rxa7 53. Rxa7+
Kxa7 54. Kf5 Kb7 55. Kg6 Kc7 56. Kxh6 Kd7 57. Kg6 Ke7 58. h5 Kf8 59. h6 Kg8 60.
Kh5 Kh7 61. Bd3+ Kh8 62. Kg6 Kg8 63. Kf6 Kh8 64. Ke7 Kg8 65. Kf6 Kh8 66. Kg6
Kg8 67. h7+ Kh8 68. Kg5 Kg7 69. Kh5 Kh8 70. Kg6 1/2-1/2

[Event "Junior Online 4NCL Division 4"]
[Site "online"]
[Date "2020.09.03"]
[Round "2.47"]
[White "Nallaperumal, Kasi Veshagan"]
[Black "Evans, Dylan"]
[Result "1-0"]
[WhiteElo "1397"]
[BlackElo "1090"]
[PlyCount "35"]
[EventDate "2020.09.03"]
[WhiteTeam "Maidenhead Juniors 1"]
[BlackTeam "Rovers Athletic"]

1. d4 d5 2. Bf4 Nc6 3. e3 Nf6 4. Nc3 e6 5. Nb5 e5 6. dxe5 Ne4 7. e6 Nd6 8.
exf7+ Kxf7 9. Qxd5+ Be6 10. Nxd6+ cxd6 11. Qf3 Qa5+ 12. c3 Ne5 13. Bxe5+ Ke7
14. Bd4 Qf5 15. Qxb7+ Bd7 16. Qxa8 Qc2 17. Qb7 Qxb2 18. Qxb2 1-0